[Event "TCh-BIH"]
[Site "Neum BIH"]
[Date "2008.06.06"]
[Round "3"]
[White "Gyimesi,Z"]
[Black "Rade,M"]
[Result "1/2-1/2"]
[WhiteElo "2600"]
[BlackElo "2441"]

1.d4 Nf6 2.c4 g6 3.Nc3 d5 4.cxd5 Nxd5 5.e4 Nxc3 6.bxc3 Bg7 7.Bg5 c5 8.Rc1 O-O
9.Nf3 Bg4 10.d5 Nd7 11.Be2 Qa5 12.Qd2 e6 13.O-O exd5 14.exd5 Rfe8 15.h3 Bf5
16.Nh4 Be4 17.f3 Bxd5 18.Qxd5 Nb6 19.Qd1 c4 20.Bd2 g5 21.f4 gxh4 22.f5 Rad8
23.Qe1 Qe5 24.Rf2 Bf6 25.Kh1 Kh8 26.Bf4 Qc5 27.Qf1 Nd5 28.Bxc4 Nxf4 29.Rxf4 Bg5
30.Bxf7 Bxf4 31.Qxf4 Qe3 32.Qf1 Re4 33.Rb1 Qxc3 34.Bh5 Qe5 35.Bf3 Re3 36.Bxb7 Rf8
37.Bf3 Rxf5 38.Qf2 Qd4 39.Rf1 Kg7 40.Qc2 Rfe5 41.Qc7+ Re7 42.Qa5 Qe5 43.Qxe5+ R7xe5
44.Kh2 Ra3 45.Rd1 Rxa2 46.Rd4 Rf5 47.Rg4+ Kf6 48.Kg1 h6 49.Rxh4 Kg7 50.Rg4+ Kf6
51.Rc4 Ra1+ 52.Kf2 a5 53.Rc6+ Kg7 54.Ra6 Rf6 55.Ra7+ Rf7 56.Ra6 a4 57.Kg3 a3
58.Be4 Rf6 59.Ra7+ Rf7 60.Ra6 Rf6 61.Ra7+ Kf8 62.Kg4 Rd6 63.Kh5 a2 64.Bg6 Rd2
65.Rf7+ Kg8 66.Kxh6 Rxg2 67.Rf6 Rag1 68.Bh7+ Kh8 69.Rf8+ Rg8 70.Bxg8 Rxg8
71.Rf1  1/2-1/2

[Event "ch-URU"]
[Site "Montevideo URU"]
[Date "2008.06.07"]
[Round "10"]
[White "Izquierdo,D"]
[Black "Gonzalez,Na"]
[Result "1/2-1/2"]
[WhiteElo "2302"]
[BlackElo "2120"]

1.d4 Nf6 2.c4 g6 3.Nc3 d5 4.cxd5 Nxd5 5.e4 Nxc3 6.bxc3 Bg7 7.Nf3 c5 8.Be3 O-O
9.Be2 Nc6 10.O-O Bg4 11.d5 Ne5 12.Nxe5 Bxe2 13.Nxf7 Rxf7 14.Qxe2 Bxc3 15.Rac1 Qa5
16.Qc4 Bb4 17.Bxc5 Bxc5 18.Qxc5 Qxa2 19.e5 b6 20.Qc6 Raf8 21.f3 Rd8 22.Rfd1 Qe2
23.Qc7 Rdf8 24.e6 Rxf3 25.gxf3 Qe3+ 26.Kg2 Qxf3+ 27.Kg1 Qf2+  1/2-1/2

[Event "IM"]
[Site "Perm RUS"]
[Date "2008.06.15"]
[Round "5"]
[White "Lavretzkij,R"]
[Black "Gavrjushin,O"]
[Result "1/2-1/2"]
[WhiteElo "2332"]
[BlackElo "2373"]

1.d4 Nf6 2.c4 g6 3.Nc3 d5 4.cxd5 Nxd5 5.e4 Nxc3 6.bxc3 Bg7 7.Bb5+ c6 8.Ba4 O-O
9.Ne2 b6 10.Be3 Bb7 11.f3 e5 12.O-O Nd7 13.Rc1 Rc8 14.Qd2 Qe7 15.Bg5 f6 16.Be3 Rfd8
17.Bb3+ Kh8 18.Qe1 Ba6 19.Qf2 Nf8 20.Rfd1 Ne6 21.Rd2 c5 22.Bxe6 Qxe6 23.d5 Qd6
24.c4 f5 25.Bg5 fxe4 26.fxe4 Rf8 27.Qe3 Rc7 28.h3 Bf6 29.Bh6 Bg7 30.Bg5 Bf6
31.Bh6  1/2-1/2

[Event "Open"]
[Site "Teplice CZE"]
[Date "2008.06.15"]
[Round "2"]
[White "Ksieski,Z"]
[Black "Kolar,Da"]
[Result "1-0"]
[WhiteElo "2406"]
[BlackElo "1901"]

1.d4 Nf6 2.c4 g6 3.Nc3 d5 4.cxd5 Nxd5 5.e4 Nxc3 6.bxc3 Bg7 7.Be3 O-O 8.Rc1 c5
9.d5 Qa5 10.Qd2 Rd8 11.Nf3 Bg4 12.c4 Qb6 13.Ng5 Na6 14.h3 Bd7 15.Be2 Nb4
16.O-O Qc7 17.a3 Na6 18.f4 Be8 19.Rb1 b6 20.e5 e6 21.Qe1 Bd7 22.Qh4 h6 23.Ne4 Bc8
24.Nf6+ Bxf6 25.exf6 Kh7 26.f5 exf5 27.Qxh6+  1-0

[Event "XII Izmailov Mem"]
[Site "Tomsk RUS"]
[Date "2008.07.02"]
[Round "8"]
[White "Komissarov,Va"]
[Black "Moskalenko,V"]
[Result "1-0"]
[WhiteElo "2072"]
[BlackElo "2572"]

1.d4 Nf6 2.c4 g6 3.Nc3 d5 4.cxd5 Nxd5 5.e4 Nxc3 6.bxc3 Bg7 7.Nf3 c5 8.Be3 O-O
9.Rc1 Qa5 10.Qd2 Rd8 11.Bc4 cxd4 12.cxd4 Qxd2+ 13.Nxd2 Nc6 14.d5 Na5 15.Be2 e6
16.Nc4 Nxc4 17.Bxc4 Bd7 18.O-O b5 19.dxe6 fxe6 20.Bb3 a5 21.Rfd1 a4 22.Rxd7 axb3
23.Rxd8+ Rxd8 24.axb3 Rd3 25.Rb1 Bc3 26.Kf1 b4 27.Ke2 Rd8 28.Rd1 Ra8 29.Kd3 Ra2
30.Kc4 Rc2 31.Rc1 Re2 32.Kd3 Rb2 33.Kc4 Re2 34.g4 Kf7 35.Rd1 h5 36.h3 hxg4
37.hxg4 Kf6 38.Rd7 g5 39.Rb7 Re1 40.Rxb4 Kf7  1-0

[Event "ch-PHI Finals"]
[Site "Mandaluyong PHI"]
[Date "2008.07.04"]
[Round "5"]
[White "Pascua,H"]
[Black "Nolte,R"]
[Result "0-1"]
[WhiteElo "2174"]
[BlackElo "2522"]

1.d4 Nf6 2.c4 g6 3.Nc3 d5 4.cxd5 Nxd5 5.e4 Nxc3 6.bxc3 Bg7 7.Qa4+ Nd7 8.Nf3 O-O
9.Be2 c5 10.O-O a6 11.Qa3 cxd4 12.cxd4 Nf6 13.Bg5 h6 14.Bxf6 Bxf6 15.Rab1 Rb8
16.h3 b5 17.d5 Qd6 18.Qe3 Bg7 19.Rfd1 Qb6 20.Rdc1 Qxe3 21.fxe3 e6 22.a4 exd5
23.exd5 Bd7 24.Rc7 Rfd8 25.e4 b4 26.Bxa6 Bxa4 27.Bb7 Bc3 28.e5 Bc2 29.Rf1 Bd3
30.Rc1 Be4 31.Rd1 Bxf3 32.gxf3 Bxe5 33.d6 Bxd6  0-1

[Event "FSGM July"]
[Site "Budapest HUN"]
[Date "2008.07.06"]
[Round "2"]
[White "Prohaszka,P2"]
[Black "Fogarasi,T"]
[Result "1/2-1/2"]
[WhiteElo "2509"]
[BlackElo "2429"]

1.d4 Nf6 2.c4 g6 3.Nc3 d5 4.cxd5 Nxd5 5.e4 Nxc3 6.bxc3 Bg7 7.Bc4 c5 8.Ne2 Nc6
9.Be3 cxd4 10.cxd4 Qa5+ 11.Bd2 Qh5 12.d5 Ne5 13.Bb5+ Bd7 14.Bxd7+ Nxd7 15.Rc1 Qg4
16.Ng3 Qxd1+ 17.Kxd1 b6 18.Be3 e6 19.dxe6 fxe6 20.Ke2 O-O 21.Rhd1 Ne5 22.Rc7 Rf7
23.Rxf7 Kxf7 24.f4 Ng4 25.Rd7+ Kg8 26.h3 Nxe3 27.Kxe3 e5 28.f5 Bf8 29.Kd3 Bc5
30.Ne2 gxf5 31.exf5 e4+ 32.Kc4 e3 33.g4 a5 34.g5 Rf8 35.f6 Rf7 36.Rd5 Rc7
37.Kd3 Kf7 38.h4 b5 39.Ke4 b4 40.Kf5 Bb6 41.h5 Rc5 42.g6+ hxg6+ 43.hxg6+ Kg8
44.Rxc5 Bxc5 45.Ke6 a4 46.Kd5 Bf8 47.Kc4  1/2-1/2

[Event "World Open"]
[Site "Philadelphia USA"]
[Date "2008.07.06"]
[Round "8"]
[White "Stocek,J"]
[Black "Ftacnik,L"]
[Result "0-1"]
[WhiteElo "2559"]
[BlackElo "2544"]

1.d4 Nf6 2.c4 g6 3.Nc3 d5 4.cxd5 Nxd5 5.e4 Nxc3 6.bxc3 Bg7 7.Bg5 c5 8.Rc1 Qa5
9.Qd2 e6 10.Nf3 h6 11.Bf4 cxd4 12.cxd4 Qxd2+ 13.Kxd2 O-O 14.Rc7 Nc6 15.Ke3 Rd8
16.Ne5 g5 17.Bg3 f5 18.exf5 Nxd4 19.f6 Nf5+ 20.Kf3 Bxf6 21.Bc4 b5 22.Be2 h5
23.Nc6 Rd7  0-1

[Event "Volga Cup IM"]
[Site "Kostroma RUS"]
[Date "2008.07.07"]
[Round "7"]
[White "Petrov,Evgeni"]
[Black "Svetlov,D"]
[Result "1-0"]
[WhiteElo "2238"]
[BlackElo "2306"]

1.d4 Nf6 2.c4 g6 3.Nc3 d5 4.cxd5 Nxd5 5.e4 Nxc3 6.bxc3 Bg7 7.Bc4 c5 8.Ne2 O-O
9.O-O Nc6 10.Be3 Bg4 11.f3 cxd4 12.cxd4 Na5 13.Bxf7+ Rxf7 14.fxg4 Rxf1+ 15.Kxf1 Qd6
16.Kg1 e5 17.d5 Qb4 18.Qd3 Qc4 19.Qxc4 Nxc4 20.Bg5 Nd6 21.Ng3 Rc8 22.Rc1 Nc4
23.Nf1 Bf8 24.Nd2 Bc5+ 25.Kh1 Nd6 26.Bf6 Bd4 27.Rxc8+ Nxc8 28.Nc4 Kf7 29.g5 Ke8
30.Nxe5 Nd6 31.Ng4 Bxf6 32.Nxf6+ Ke7 33.g3 Nf7  1-0

[Event "36th TCh-GRE"]
[Site "Kallithea Halkidiki GRE"]
[Date "2008.07.09"]
[Round "5"]
[White "Ntiloudi,D"]
[Black "Nemcova,Kat"]
[Result "1/2-1/2"]
[WhiteElo "2039"]
[BlackElo "2372"]

1.d4 Nf6 2.c4 g6 3.Nc3 d5 4.cxd5 Nxd5 5.e4 Nxc3 6.bxc3 Bg7 7.Be3 O-O 8.Qd2 c5
9.Nf3 Qa5 10.Rc1 cxd4 11.cxd4 Qxd2+ 12.Nxd2 Nc6 13.d5 Nb4 14.Bc5 Nxa2 15.Rc2 Nc3
16.Bb4 Bd7 17.Bxc3 Rfc8 18.Nb1 Rc7 19.g3 b5 20.Bd3 b4 21.Bxg7 Rxc2 22.Bxc2 Kxg7
23.Ke2 a5 24.Nd2 Rc8 25.Bd3 a4 26.Rb1 a3 27.Bc4 Rb8 28.Kd3 Ba4 29.Nb3 g5
30.Nc5 Be8 31.Na6 Rb6 32.Nxb4 g4 33.Kc3 Rh6 34.Ra1 Rxh2 35.Nd3 h5 36.Rxa3 h4
37.gxh4 f5 38.exf5 Rxh4 39.Ra7 Kf6 40.Nc5 Rh3+ 41.Kd4 Rh7 42.Ne4+ Kxf5 43.Nd6+ Kf4
44.Nxe8 e5+ 45.dxe6 Rxa7 46.Nd6 g3 47.fxg3+ Kxg3 48.e7 Rxe7 49.Nf5+ Kf4 50.Nxe7 Kg4
51.Ke4 Kg5 52.Nd5 Kg4 53.Be2+ Kg5 54.Ke5 Kg6 55.Bd3+ Kg5 56.Bf5 Kh5 57.Nc3 Kg5
58.Ne4+ Kh5 59.Kf6 Kh4 60.Be6 Kh5 61.Kf5 Kh6 62.Kf6 Kh5 63.Bd7 Kh4 64.Ke5 Kh5
65.Kf5 Kh6 66.Ng3 Kg7 67.Nh5+ Kh6 68.Be8 Kh7 69.Kf6 Kh6 70.Ng7 Kh7 71.Bg6+ Kg8
72.Nf5 Kf8 73.Ne3 Kg8 74.Nd5 Kh8 75.Bf5 Kg8 76.Ne7+ Kh8 77.Be6 Kh7 78.Ng6 Kh6
79.Bg8 Kh5 80.Ne5 Kh4 81.Kf5 Kg3 82.Bd5 Kf2 83.Ke4 Ke2 84.Nf3 Kd1 85.Kd3 Kc1
86.Bb3 Kb2 87.Bc2 Kc1 88.Nd4 Kb2 89.Kd2 Ka3 90.Kc3 Ka2 91.Nb3 Ka3 92.Bb1  1/2-1/2

[Event "7th Open"]
[Site "La Fere FRA"]
[Date "2008.07.09"]
[Round "6"]
[White "Blondel,F"]
[Black "Ilan,L"]
[Result "0-1"]
[WhiteElo "1664"]
[BlackElo "2013"]

1.d4 Nf6 2.c4 g6 3.Nc3 d5 4.cxd5 Nxd5 5.e4 Nxc3 6.bxc3 Bg7 7.h3 O-O 8.Nf3 c5
9.Be3 Nc6 10.Be2 cxd4 11.cxd4 Qa5+ 12.Qd2 Qxd2+ 13.Kxd2 Rd8 14.Rhd1 Nxd4
15.Ke1 Nc2+ 16.Kf1 Be6 17.Rxd8+ Rxd8 18.Rc1 Nxe3+ 19.fxe3 Bxa2 20.Rc7 Rb8
21.Rxe7 a6 22.e5 Bf8 23.Rc7 b5 24.Ng5 Bh6 25.Ne4 Bxe3 26.Nf6+ Kg7 27.Rc6 a5
28.Ne4 Bd5 29.Rc3 Bxe4 30.Rxe3 Bd5 31.Bg4 b4 32.Ke1 b3  0-1

[Event "7th Open"]
[Site "La Fere FRA"]
[Date "2008.07.09"]
[Round "6"]
[White "Sumets,A"]
[Black "Pytel,K"]
[Result "1-0"]
[WhiteElo "2534"]
[BlackElo "2391"]

1.d4 Nf6 2.c4 g6 3.Nc3 d5 4.cxd5 Nxd5 5.e4 Nxc3 6.bxc3 Bg7 7.Bb5+ c6 8.Ba4 O-O
9.Ne2 c5 10.O-O cxd4 11.cxd4 Nc6 12.Be3 Bg4 13.f3 Bd7 14.Rb1 b6 15.Bb5 e6
16.Qa4 Nb8 17.d5 exd5 18.Rfd1 Bxb5 19.Rxb5 Qe8 20.Rdxd5 Nc6 21.Rb1 Ne7 22.Qxe8 Rfxe8
23.Rd7 Nc6 24.Rc1 Red8 25.Rc7 Nb4 26.Rb7 Na6 27.Nc3 Rd3 28.Nd5 Rxe3 29.Nxe3 Bd4
30.Re1 Nc5 31.Rc7 f5 32.Kf1 fxe4 33.Ng4 Bg7 34.Nf2 Be5 35.Rc6 Bc3 36.Re2 exf3
37.gxf3 Rf8 38.Kg2 Bb4 39.Re7 b5 40.Ng4 Nd3 41.Nh6+ Kh8 42.Rcc7  1-0

[Event "5th Sth Wales Int"]
[Site "Trefforst WLS"]
[Date "2008.07.09"]
[Round "7"]
[White "Harley Yeo,G"]
[Black "Owens,M"]
[Result "1/2-1/2"]
[WhiteElo "2077"]
[BlackElo "1775"]

1.d4 Nf6 2.c4 g6 3.Nc3 d5 4.cxd5 Nxd5 5.e4 Nxc3 6.bxc3 Bg7 7.Bc4 c5 8.Ne2 O-O
9.O-O cxd4 10.cxd4 Nc6 11.Be3 e6 12.Rc1 Bd7 13.Qd2 Rc8 14.Bh6 Bxh6 15.Qxh6 Qf6
16.e5 Qg7 17.Qe3 Ne7 18.Qa3 Nc6 19.Rfd1 Rfd8 20.Qb2 Na5 21.Bb3 Nxb3 22.Qxb3 Rxc1
23.Rxc1 Bc6 24.Qa3 Qh6 25.Qe3 Qxe3 26.fxe3 Kg7 27.Nf4 Rc8 28.Nd3 Bd7 29.Rb1 b6
30.Rc1 Rxc1+ 31.Nxc1 Bb5 32.Kf2 g5 33.e4 Bc4 34.a3 f6 35.Ke3 fxe5 36.dxe5 Kg6
37.Kd4 Bf1 38.Nd3 Bxd3 39.Kxd3 g4  1/2-1/2

[Event "XXXI Open"]
[Site "Barbera del Valles ESP"]
[Date "2008.07.10"]
[Round "6"]
[White "Hernandez Casillas,J"]
[Black "Avila Jimenez,J"]
[Result "1-0"]
[WhiteElo "2150"]
[BlackElo "2286"]

1.d4 Nf6 2.c4 g6 3.Nc3 d5 4.cxd5 Nxd5 5.e4 Nxc3 6.bxc3 Bg7 7.Bc4 O-O 8.Ne2 c5
9.O-O Nc6 10.Be3 Na5 11.Bd3 c4 12.Bc2 b6 13.Rb1 Bb7 14.f3 Qd7 15.Qe1 Bc6
16.Qg3 Rac8 17.Rb2 e6 18.h4 Qe7 19.Bb1 Nb7 20.e5 Rc7 21.h5 Rfc8 22.hxg6 fxg6
23.Kf2 Rf8 24.Rh1 Be8 25.Qh3 Bh8 26.Ng3 Qa3 27.Re2 Nd8 28.Ne4 Rf5 29.g4 Rf8
30.Bc1 Qa4 31.Bh6 Rff7 32.Nd6 Bc6 33.Be4 Bxe4 34.Nxe4 Nb7 35.Bg5 Qc6 36.Qh6 Qe8
37.Bf6 Qf8 38.Qxg6+  1-0

[Event "ch-IRL"]
[Site "Dublin IRL"]
[Date "2008.07.10"]
[Round "6"]
[White "Butnorius,A"]
[Black "Greenfeld,A"]
[Result "0-1"]
[WhiteElo "2442"]
[BlackElo "2545"]

1.d4 Nf6 2.c4 g6 3.Nc3 d5 4.cxd5 Nxd5 5.e4 Nxc3 6.bxc3 Bg7 7.Bc4 c5 8.Ne2 Nc6
9.Be3 O-O 10.O-O Na5 11.Bd3 b6 12.Qd2 e5 13.dxe5 Be6 14.Rad1 Qe8 15.Bh6 Nc4
16.Qc1 Bxh6 17.Qxh6 Nxe5 18.Nf4 Bxa2 19.c4 f6 20.Be2 Bxc4 21.Bxc4+ Nxc4 22.Nd5 Qf7
23.f4 Kh8 24.Qh3 Rad8 25.Qc3 b5 26.g4 Nb6 27.Nxf6 Rxd1 28.Nd7+ Qg7  0-1

[Event "Kings Gambit A"]
[Site "Lipetsk RUS"]
[Date "2008.07.11"]
[Round "3"]
[White "Slugin,S"]
[Black "Danin,A"]
[Result "1/2-1/2"]
[WhiteElo "2425"]
[BlackElo "2469"]

1.d4 Nf6 2.c4 g6 3.Nc3 d5 4.cxd5 Nxd5 5.e4 Nxc3 6.bxc3 Bg7 7.Bc4 c5 8.Ne2 Nc6
9.Be3 O-O 10.O-O Bg4 11.f3 Na5 12.Bxf7+ Rxf7 13.fxg4 Rxf1+ 14.Kxf1 cxd4 15.cxd4 e5
16.Kg1 Rc8  1/2-1/2

[Event "19th Czech Oce Open"]
[Site "Pardubice CZE"]
[Date "2008.07.11"]
[Round "3"]
[White "Uhmann,J"]
[Black "Korinek,O"]
[Result "1/2-1/2"]
[WhiteElo "2165"]
[BlackElo "2252"]

1.d4 Nf6 2.c4 g6 3.Nc3 d5 4.cxd5 Nxd5 5.e4 Nxc3 6.bxc3 Bg7 7.Bc4 c5 8.Ne2 Nc6
9.Be3 cxd4 10.cxd4 O-O 11.O-O Na5 12.Bd3 e6 13.Rc1 b6 14.Qd2 Bb7 15.Qb4 Rc8
16.Rxc8 Qxc8 17.Rc1 Qa8 18.f3 Rc8 19.Kf2  1/2-1/2

[Event "Maestro Open"]
[Site "Berdsk RUS"]
[Date "2008.07.12"]
[Round "5"]
[White "Popov,Da"]
[Black "Shkurkin,N"]
[Result "0-1"]
[WhiteElo "1741"]
[BlackElo "2185"]

1.d4 Nf6 2.c4 g6 3.Nc3 d5 4.cxd5 Nxd5 5.e4 Nxc3 6.bxc3 Bg7 7.Nf3 c5 8.Be2 O-O
9.Bb2 cxd4 10.cxd4 Nc6 11.O-O Bg4 12.e5 h6 13.Re1 Rc8 14.Qa4 Qb6 15.Ba3 Rfd8
16.Rab1 Qc7 17.Rbd1 Be6 18.Bb2 Qa5 19.Qxa5 Nxa5 20.Ba3 Bf8 21.Bb4 Nc6 22.a3 Bb3
23.Rb1 Ba2 24.Rb2 Nxb4 25.Rxb4 Bd5 26.Rbb1 e6 27.a4 a5 28.Rec1 Ba3 29.Rxc8 Rxc8
30.Ne1 Rc3 31.f3 Bc1 32.Rb5 Be3+ 33.Kf1 Rc1 34.Rc5 Ra1 35.Rc2 Bxd4 36.Bb5 Bxe5
37.Ke2 Bxh2  0-1

[Event "1st IRT 54th Aniv Martelli"]
[Site "Villa Martelli ARG"]
[Date "2008.07.12"]
[Round "5"]
[White "Bernal,G"]
[Black "Chiari,A"]
[Result "1-0"]
[WhiteElo "2105"]
[BlackElo "1795"]

1.d4 Nf6 2.c4 g6 3.Nc3 d5 4.cxd5 Nxd5 5.e4 Nxc3 6.bxc3 Bg7 7.Nf3 O-O 8.Rb1 c5
9.Be2 Nc6 10.Be3 Qa5 11.O-O cxd4 12.cxd4 Qxa2 13.d5 Ne5 14.Nxe5 Bxe5 15.f4 Bg7
16.Bc5 Bd7 17.Rxb7 Ba4 18.Qd3 Rfc8 19.Bxe7 Rc2 20.Bf3 Rd2 21.Qb1 Bd4+ 22.Kh1 Qxb1
23.Rfxb1 Bb6 24.Bf6 Bc2 25.Rc1 Bd3 26.e5 Bd8 27.Bxd8 Rxd8 28.Rxa7 Rc2 29.Rxc2 Bxc2
30.Kg1 Kf8 31.Kf2 Ke8 32.Ke3 h5 33.d6 Bb3 34.g3 Be6 35.Ra8 Rxa8 36.Bxa8 Kd7
37.Kd4 Ke8 38.Kc5 Bf5 39.Bd5 g5 40.fxg5 Bg6 41.Kd4 Kd8 42.Be4  1-0

[Event "19th Czech Oce Open"]
[Site "Pardubice CZE"]
[Date "2008.07.13"]
[Round "7"]
[White "Rosko,L"]
[Black "Langner,L1"]
[Result "1/2-1/2"]
[WhiteElo "2387"]
[BlackElo "2363"]

1.d4 Nf6 2.c4 g6 3.Nc3 d5 4.cxd5 Nxd5 5.e4 Nxc3 6.bxc3 Bg7 7.Bc4 c5 8.Ne2 Nc6
9.Be3 O-O 10.O-O Na5 11.Bd3 b6 12.dxc5 Qc7 13.cxb6 axb6 14.Qa4 Rd8 15.Rfd1 Be6
16.Qb4 Nc4 17.Bd4 Qd6 18.Bxg7 Qxb4 19.cxb4 Kxg7 20.Bc2 Rxd1+ 21.Bxd1 Nb2
22.Bc2 Rxa2 23.Rxa2 Bxa2 24.f4  1/2-1/2

[Event "19th Czech Oce Open"]
[Site "Pardubice CZE"]
[Date "2008.07.13"]
[Round "7"]
[White "Roubalik,J"]
[Black "Novotny,M1"]
[Result "1/2-1/2"]
[WhiteElo "2168"]
[BlackElo "2282"]

1.d4 Nf6 2.c4 g6 3.Nc3 d5 4.cxd5 Nxd5 5.e4 Nxc3 6.bxc3 Bg7 7.Nf3 c5 8.Rb1 O-O
9.Be2 b6 10.O-O Bb7 11.Bd3 Qc7 12.Bb2 e6 13.Qe2 Nd7 14.e5 cxd4 15.cxd4 Bd5
16.Ba3 Rfc8 17.Rbc1 Qd8 18.Ba6 Rxc1 19.Rxc1 Bf8 20.Bxf8 Nxf8 21.h4 Rb8 22.Ng5 Kg7
23.Qe3 Qe7 24.a4 Rd8 25.h5 gxh5 26.Be2 h6 27.Ne4 Bxe4 28.Qxe4 Rd7 29.Rc3 h4
30.Rh3 Ng6 31.Bh5 Qg5 32.Bxg6 fxg6 33.Rxh4 Rc7 34.Rh3 Qf5  1/2-1/2

[Event "XXIII Tadeusz Gniota Mem"]
[Site "Police POL"]
[Date "2008.07.13"]
[Round "6"]
[White "Koziak,V"]
[Black "Schmidt,Wl"]
[Result "1/2-1/2"]
[WhiteElo "2489"]
[BlackElo "2396"]

1.d4 Nf6 2.c4 g6 3.Nc3 d5 4.cxd5 Nxd5 5.e4 Nxc3 6.bxc3 Bg7 7.Nf3 c5 8.Rb1 O-O
9.Be2 b6 10.O-O Bb7 11.Qd3 e6 12.Rd1 Nd7 13.Bg5 Qc7 14.d5 exd5 15.exd5 Rfe8
16.c4 Ne5 17.Qd2 Qd6 18.a4 Bc8 19.Bf4 Bd7 20.a5 bxa5 21.Ng5 a4 22.Ne4 Qf8
23.Nc3 Rab8 24.Rxb8 Rxb8 25.d6 Bc6 26.Qa2 Nd7 27.Nxa4 Rb4 28.Nxc5 Nxc5 29.Qa5 Ne6
30.Qxb4 Nxf4 31.Bf1 Ne6 32.c5 Qe8 33.Re1 Qc8  1/2-1/2

[Event "Summer Cup"]
[Site "Porto Carras GRE"]
[Date "2008.07.13"]
[Round "2"]
[White "Pavlidou,E"]
[Black "Ris,R"]
[Result "0-1"]
[WhiteElo "2034"]
[BlackElo "2415"]

1.d4 Nf6 2.c4 g6 3.Nc3 d5 4.cxd5 Nxd5 5.e4 Nxc3 6.bxc3 Bg7 7.Bc4 c5 8.Ne2 Nc6
9.Be3 O-O 10.O-O Na5 11.Bd3 b6 12.dxc5 Qc7 13.cxb6 axb6 14.Rb1 Nc4 15.Bxc4 Qxc4
16.Rb4 Qxa2 17.Bxb6 Ba6 18.Re1 Rfc8 19.Nc1 Qa3 20.Rb3 Qa1 21.Bd4 e5 22.Be3 Bc4
23.Rb7 Qxc3 24.Bd2 Qd4 25.Nb3 Qd6 26.Na5 Ba6 27.Rb2 Rd8 28.Qf3 Rab8 29.Ra2 Qe6
30.Rc2 Bd3 31.Rc7 Bxe4 32.Qxe4 Rxd2 33.g3 Qb6 34.Rxf7 Kxf7 35.Qc4+ Kf8 36.Re3 Qxe3
37.fxe3 Rb1+  0-1

[Event "FSGM July"]
[Site "Budapest HUN"]
[Date "2008.07.14"]
[Round "10"]
[White "Berczes,D"]
[Black "Boros,De"]
[Result "0-1"]
[WhiteElo "2458"]
[BlackElo "2472"]

1.d4 Nf6 2.c4 g6 3.Nc3 d5 4.cxd5 Nxd5 5.e4 Nxc3 6.bxc3 Bg7 7.Bc4 c5 8.Ne2 O-O
9.O-O Nc6 10.Be3 Qc7 11.Rc1 e6 12.Qd2 Na5 13.Bd3 b6 14.h4 Bb7 15.h5 Rad8
16.hxg6 hxg6 17.Bh6 Nc6 18.Rfd1 cxd4 19.cxd4 Qe7 20.Bxg7 Kxg7 21.Qe3 Rh8
22.Bb5 Rc8 23.f3 Na5 24.Rxc8 Rxc8 25.Rc1 Qb4 26.Bd3 Rxc1+ 27.Qxc1 Nc6 28.a3 Qa5
29.Kf2 Qh5 30.Qc3 Kg8 31.a4 Qh4+ 32.Kf1 Qe7 33.Kf2 Nb4 34.g3 Qd6 35.Nf4 Nc6
36.Ne2 a6 37.e5 Qb4 38.Be4 Qxa4 39.Nf4 Kg7 40.d5 Qb4 41.Qa1 Qd2+ 42.Kf1 Nd4
43.dxe6 Bxe4 44.fxe4 g5 45.e7 gxf4 46.e6 f3 47.e8=N+ Kg6 48.Qxa6 Qg2+ 49.Ke1 f2+  0-1

[Event "1st IRT 54th Aniv Martelli"]
[Site "Villa Martelli ARG"]
[Date "2008.07.15"]
[Round "8"]
[White "Bernal,G"]
[Black "Bassan,R"]
[Result "1/2-1/2"]
[WhiteElo "2105"]
[BlackElo "2109"]

1.d4 Nf6 2.c4 g6 3.Nc3 d5 4.cxd5 Nxd5 5.e4 Nxc3 6.bxc3 Bg7 7.Rb1 O-O 8.Nf3 c5
9.Be2 Nc6 10.d5 Ne5 11.Nxe5 Bxe5 12.Qd2 Qa5 13.Rb3 Bd7 14.O-O b5 15.f4 Bg7
16.Kh1 c4 17.Rb4 e6 18.dxe6 Bxe6 19.f5 Rad8 20.Qg5 f6 21.Qe3 Bf7 22.Qc5 Qxa2
23.Rb2 Qa5 24.Rxb5 Qxc3 25.Rb7 a5 26.Rxf7 Rxf7 27.Bxc4 Kh8 28.fxg6 hxg6 29.Be3 Bf8
30.Qc6 Rh7 31.Bg1 Bd6 32.Qb6 Bc7 33.Qxf6+ Qxf6 34.Rxf6 Rd1 35.h3 Kg7 36.Rf7+ Kh6
37.Rf6 Be5 38.Rf3 Bd4 39.Bf1 Bxg1 40.Kxg1 Re7 41.Rf4 g5 42.Rf6+ Kg7 43.Rf5 Kg6
44.Rxa5 Rxe4 45.Ra6+ Kf5 46.Ra5+ Kf4 47.g3+ Kxg3 48.Rxg5+ Kh4 49.Rf5 Kg3
50.Rg5+ Kf3 51.Rf5+ Ke3 52.Kg2 Re7 53.h4 Rg7+ 54.Kh3 Rd4 55.Rf6 Rgg4 56.Re6+ Kf2
57.Rf6+ Kg1 58.Be2 Rgf4 59.Rxf4 Rxf4 60.Kg3 Rf8 61.h5 Rg8+ 62.Bg4 Kf1 63.Kh4 Kf2
64.h6 Ke3 65.h7 Rh8 66.Bf5 Kf4 67.Bg6 Ke5 68.Kg5 Ke6 69.Kh6 Kf6 70.Bd3 Rd8
71.Bg6 Rc8 72.Bh5 Rf8 73.Bg6 Rh8 74.Bd3 Kf7 75.Bc4+ Kf6 76.Bd5 Rxh7+ 77.Kxh7  1/2-1/2

[Event "FSGM July"]
[Site "Budapest HUN"]
[Date "2008.07.16"]
[Round "12"]
[White "Toth,E"]
[Black "Fogarasi,T"]
[Result "1/2-1/2"]
[WhiteElo "2409"]
[BlackElo "2429"]

1.d4 Nf6 2.c4 g6 3.Nc3 d5 4.cxd5 Nxd5 5.e4 Nxc3 6.bxc3 Bg7 7.Qa4+ Nd7 8.Nf3 O-O
9.Bg5 c5 10.Rd1 h6 11.Be3 Nb6 12.Qa3 cxd4 13.cxd4 Qd6 14.Qa5 Bg4  1/2-1/2

[Event "Inautomarket Open"]
[Site "Minsk BLR"]
[Date "2008.07.18"]
[Round "9"]
[White "Lutsko,I"]
[Black "Karavaev,V"]
[Result "1-0"]
[WhiteElo "2399"]
[BlackElo "2477"]

1.d4 Nf6 2.c4 g6 3.Nc3 d5 4.cxd5 Nxd5 5.e4 Nxc3 6.bxc3 Bg7 7.Bc4 c5 8.Ne2 cxd4
9.cxd4 Nc6 10.Be3 Qa5+ 11.Bd2 Qd8 12.Bc3 O-O 13.O-O Na5 14.Bd3 e6 15.Qd2 b6
16.Rac1 Nc6 17.Bb5 Ne7 18.Rfd1 Bb7 19.f3 a6 20.Bd3 Bc6 21.Qb2 Ba4 22.Bc2 Bxc2
23.Rxc2 b5 24.Kh1 Qb6 25.d5 Bxc3 26.Nxc3 Rfd8 27.Rcd2 exd5 28.exd5 Qf6 29.Qb3 Rac8
30.Ne4 Qe5 31.d6 Nf5 32.Rd5 Qg7 33.g4 Nh4 34.g5 h6 35.Nf6+ Kh8 36.d7 Rb8
37.Re5 Qf8 38.Rde1 Kg7 39.gxh6+ Kxh6 40.Re8 Qg7 41.Qe3+ g5 42.Rxd8 Rxd8 43.Qe7 Qh8
44.Ng4+ Kg6 45.Ne5+ Kf5 46.Qxf7+ Qf6 47.Qh7+ Ng6 48.Qh3+  1-0

[Event "19th Czech Chladek & Tintera A Open"]
[Site "Pardubice CZE"]
[Date "2008.07.18"]
[Round "1"]
[White "Haba,P"]
[Black "Dragicevic,Draz"]
[Result "1/2-1/2"]
[WhiteElo "2570"]
[BlackElo "2302"]

1.d4 Nf6 2.c4 g6 3.Nc3 d5 4.cxd5 Nxd5 5.e4 Nxc3 6.bxc3 Bg7 7.Nf3 c5 8.Rb1 O-O
9.Be2 cxd4 10.cxd4 Qa5+ 11.Bd2 Qxa2 12.O-O b6 13.Qc1 Qe6 14.Bc4 Qxe4 15.Bxf7+ Rxf7
16.Qxc8+ Rf8 17.Qc4+ e6 18.Rb5 Qc6 19.Qb3 Na6 20.Rc1 Qd7 21.h4 Nc7 22.Rg5 Bf6
23.Ne5 Qd5 24.Qg3 Bxg5 25.Rxc7 Qd8 26.Rxh7 Kxh7 27.hxg5 Qxd4 28.Qh3+ Kg8
29.Qxe6+ Kh8 30.Nxg6+ Kg7 31.Nxf8 Rxf8 32.Qe1 Kf7 33.Bc3 Qd5 34.Bf6 Kg6 35.Qe7 Rf7
36.Qe8 Kf5 37.Qc8+ Rd7 38.Kh2 Qd6+ 39.Kh3 Qc7 40.g4+ Kf4 41.Qxc7+ Rxc7 42.g6 b5
43.g7 Rc8 44.Kh4 b4 45.Kh5 a5 46.g5 Kf5 47.Kh6 a4 48.Kh7 b3  1/2-1/2

[Event "Ch-AY Boys U16"]
[Site "Tehran IRI"]
[Date "2008.07.18"]
[Round "4"]
[White "Al Kaabi,A"]
[Black "Antonio,V"]
[Result "0-1"]
[WhiteElo "1790"]
[BlackElo "2114"]

1.d4 Nf6 2.c4 g6 3.Nc3 d5 4.cxd5 Nxd5 5.e4 Nxc3 6.bxc3 Bg7 7.Nf3 O-O 8.Be2 c5
9.O-O Nc6 10.Be3 Qc7 11.Rc1 Rd8 12.d5 e6 13.c4 b6 14.Qd2 exd5 15.cxd5 Bg4
16.Bf4 Qe7 17.d6 Qxe4 18.Rc4 Qe6 19.Re1 Bxf3 20.Bxf3 Qxc4 21.Bxc6 Rab8 22.d7 Bc3
23.Qe3 Bd4 24.Qe4 Qxa2 25.Qf3 Qa5 26.Qe2 c4 27.Rd1 Qc5 28.Bxb8 Qxc6 29.Rxd4 c3
30.Qc4 Qxc4 31.Rxc4 Rxd7 32.g3 Rd3 33.Be5 f6 34.Bxf6 b5 35.Rc8+ Kf7 36.Bxc3 Rd1+
37.Kg2 Rc1 38.Rc5 Ke6 39.Re5+ Kd6 40.Re3 Kc5 41.Bf6 b4 42.Be7+ Kb5 43.Re5+ Ka4
44.Bd8 b3 45.Ra5+ Kb4 46.Rxa7 b2 47.Rb7+ Ka3 48.Ra7+ Kb3 49.Rb7+ Kc2 50.Rxb2+ Kxb2
51.Bf6+ Kc2 52.Bd4 Kd3 53.Be3 Rc7 54.Kf3 Rf7+ 55.Kg4 Ke2 56.h4 Rf5 57.Kh3 Kf3
58.g4 Rb5  0-1

[Event "Ch-AY Boys U16"]
[Site "Tehran IRI"]
[Date "2008.07.18"]
[Round "4"]
[White "Amarasena,K"]
[Black "Kavinda,A"]
[Result "0-1"]
[WhiteElo "1900"]
[BlackElo "2029"]

1.d4 Nf6 2.c4 g6 3.Nc3 d5 4.cxd5 Nxd5 5.e4 Nxc3 6.bxc3 Bg7 7.Bc4 c5 8.Ne2 Nc6
9.Be3 cxd4 10.cxd4 Qa5+ 11.Bd2 Qa3 12.Rb1 O-O 13.d5 Ne5 14.Bb4 Qf3 15.gxf3 Nxf3+  0-1

[Event "19th Czech Chladek & Tintera A Open"]
[Site "Pardubice CZE"]
[Date "2008.07.19"]
[Round "2"]
[White "Jorczik,J"]
[Black "Vokarev,S"]
[Result "0-1"]
[WhiteElo "2359"]
[BlackElo "2517"]

1.d4 Nf6 2.c4 g6 3.Nc3 d5 4.cxd5 Nxd5 5.e4 Nxc3 6.bxc3 Bg7 7.Qa4+ Qd7 8.Qb3 O-O
9.Be3 b6 10.Rd1 Bb7 11.f3 Nc6 12.Bb5 a6 13.Bd3 Na5 14.Qb4 Rfd8 15.Ne2 Qd6
16.a3 Qd7 17.O-O e6 18.Bg5 f6 19.Bh4 Re8 20.c4 Nc6 21.Qc3 f5 22.e5 Ne7 23.Qb3 Bc6
24.Rb1 Rab8  0-1

[Event "Ch-AY Boys U16"]
[Site "Tehran IRI"]
[Date "2008.07.19"]
[Round "5"]
[White "Kavinda,A"]
[Black "Antonio,V"]
[Result "1/2-1/2"]
[WhiteElo "2029"]
[BlackElo "2114"]

1.d4 Nf6 2.c4 g6 3.Nc3 d5 4.cxd5 Nxd5 5.e4 Nxc3 6.bxc3 Bg7 7.Bc4 c5 8.Ne2 O-O
9.O-O Nc6 10.Be3 Qc7 11.Qc1 Rd8 12.Rd1 Na5 13.Bd3 b6 14.Bh6 Bb7 15.Bxg7 Kxg7
16.Qe3 Rac8 17.Rac1 a6 18.e5 Qc6 19.Qg5 Kg8 20.f3 cxd4 21.Be4 Qc4 22.Bxb7 Nxb7
23.Nxd4 Rd5 24.h4 Nc5 25.h5 Nd7 26.f4 Qc5 27.Kh2 Nxe5 28.fxe5 Rxe5 29.Qg3 Rxh5+
30.Kg1 e5 31.Qe3 exd4 32.cxd4 Qf8 33.Rxc8 Qxc8 34.d5 Qg4 35.Rd4 Qf5 36.d6 Qb5  1/2-1/2

[Event "Ch-AY Boys U16"]
[Site "Tehran IRI"]
[Date "2008.07.19"]
[Round "6"]
[White "Al Kaabi,A"]
[Black "Kavinda,A"]
[Result "1/2-1/2"]
[WhiteElo "1790"]
[BlackElo "2029"]

1.d4 Nf6 2.c4 g6 3.Nc3 d5 4.cxd5 Nxd5 5.e4 Nxc3 6.bxc3 Bg7 7.Nf3 c5 8.Bb5+ Bd7
9.Bxd7+ Qxd7 10.O-O O-O 11.Be3 cxd4 12.cxd4 Nc6 13.Qa4 Rfd8 14.Rad1 Ne5 15.Qxd7 Nxf3+
16.gxf3 Rxd7 17.d5 b6 18.Rc1 e6 19.dxe6 fxe6 20.Rc6 Kf7 21.Rfc1 Rad8 22.Kf1 Rd1+
23.Rxd1 Rxd1+ 24.Ke2 Rd7 25.Bf4 Bd4 26.Be3 Bxe3 27.Kxe3  1/2-1/2